UITU Library & LRC     

WiFi-Robotic Surveillance Car (Record no. 33573)

MARC details
000 -LEADER
fixed length control field 00462nam a2200133Ia 4500
008 - FIXED-LENGTH DATA ELEMENTS--GENERAL INFORMATION
fixed length control field 260210s9999 xx 000 0 und d
024 ## - OTHER STANDARD IDENTIFIER
Standard number or code 07A-020-TE, 07B-009-TE & 07B-031-TE
082 ## - DEWEY DECIMAL CLASSIFICATION NUMBER
Classification number 629.892072 BHU
100 ## - MAIN ENTRY--PERSONAL NAME
Personal name Shakeel Karim Bhutto, Muhammad Fasih Uddin & Kamran Shafiq Khanzada
245 #0 - TITLE STATEMENT
Title WiFi-Robotic Surveillance Car
260 ## - PUBLICATION, DISTRIBUTION, ETC.
Place of publication, distribution, etc. Karachi:
Name of publisher, distributor, etc. UITU,
Date of publication, distribution, etc. 2007
600 ## - SUBJECT ADDED ENTRY--PERSONAL NAME
Personal name Telecommunication Engineering
650 ## - SUBJECT ADDED ENTRY--TOPICAL TERM
Topical term or geographic name entry element Bachelor of Engineering (BE)

No items available.

Powered by Koha